| 000 | 01130cab a2200325 4500 | ||
|---|---|---|---|
| 001 | ABS49660 | ||
| 008 | 090401t1993 xxu||||| |||| 00| 0 eng d | ||
| 035 | _a(Sirsi) u72180 | ||
| 041 | _aeng | ||
| 100 | _aMcKibbin, E. | ||
| 245 | _aCommercial leases - further changes? | ||
| 260 | _c1993 | ||
| 350 | _a0 | ||
| 490 |
_aEstates Gazette _v(9344) 6 November 1993, 109-110(2) |
||
| 520 | _aPresents the arguments for and against abolishing upwards-only rent reviews, restricting the use of confidentiality clauses and seeking resolution of rent review disputes in the Lands Tribunal. | ||
| 650 | _aMANAGEMENT-DISPUTE AVOIDANCE, MANAGEMENT AND RESOLUTION-DISPUTE MANAGEMENT AND RESOLUTION-ARBITRATION | ||
| 650 | _aBUSINESS TENANCIES | ||
| 650 | _aCOMPARABLES | ||
| 650 | _aCONFIDENTIALITY CLAUSES | ||
| 650 | _aCONSULTATION PAPERS | ||
| 650 |
_aDISPUTE RESOLUTION _96236 |
||
| 650 | _aEVIDENCE | ||
| 650 | _aINVESTMENT | ||
| 650 | _aLANDS TRIBUNAL | ||
| 650 | _aRENT REVIEWS | ||
| 650 | _aUPWARD ONLY RENT REVIEWS | ||
| 690 | _aLANDLORD AND TENANT-BUSINESS TENANCIES | ||
| 942 | _n0 | ||
| 948 | _c04/03/1997 | ||
| 999 |
_c45564 _d45564 |
||